000 00425cam a22001337a 4500
008 180718b2002 xxu||||| |||| 00| 0 eng d
082 _aAPPPA 2001-02 ANA/3
100 _aAnand, R.K.
245 _aComputer data security: procedures, tools and technologies
_cby R.K. Anand
260 _aNew Delhi
_bIndian Institute of Public Administration
_c2002
300 _a157p.
650 _aComputers
650 _aInformation technology
999 _c492082
_d492082